000 00250nam a2200109Ia 4500
008 190912s9999||||xx |||||||||||||| ||und||
100 _aMehmood Qadri
245 0 _aWarafana Lakazikrak
260 _aKarachi
_bHasaan
_c2009
300 _a192
942 _cBK
999 _c7511
_d7511